| 000 -LEADER |
| fixed length control field |
00435nam a22001697a 4500 |
| 008 - FIXED-LENGTH DATA ELEMENTS--GENERAL INFORMATION |
| fixed length control field |
151016b xxu||||| |||| 00| 0 eng d |
| 020 ## - INTERNATIONAL STANDARD BOOK NUMBER |
| International Standard Book Number |
0324025394 |
| 041 0# - LANGUAGE CODE |
| Language code of text/sound track or separate title |
eng |
| 080 ## - UNIVERSAL DECIMAL CLASSIFICATION NUMBER |
| Universal Decimal Classification number |
657 |
| 245 1# - TITLE STATEMENT |
| Title |
Financial accounting / |
| Statement of responsibility, etc |
Warren reeve fess. |
| 250 ## - |
| -- |
8th ed. |
| 260 ## - |
| -- |
South-Western Thomson Learning; |
| 300 ## - |
| -- |
684 f.: |
| -- |
me il.; |
| -- |
25 cm. |
| 650 #0 - |
| -- |
Kontabilitet financiar |
| 650 #0 - |
| -- |
Investimet |
| 942 ## - ADDED ENTRY ELEMENTS (KOHA) |
| Source of classification or shelving scheme |
|
| Item type |
Books |